000 00959nam a2200313 a 4500
001 000111127
003 CHAP
005 20220329144159.0
008 141205s2014 mx a |r| ||||||spa d
010 _a107589
011 _a108561
020 _a9786071203489
040 _cCHAP
082 0 4 _a580.12
_bL92 2014
100 0 0 _aLópez Ríos, Georgina Florencia.
_968299
245 0 0 _aSistemática de plantas cultivadas /
_ceditado por Georgina Florencia López Ríos y Ulises Yunuén Rosas López.
250 _a2 ed.
260 _aChapingo, Méx. :
_bUACH,
_c2014.
300 _a240 p. :
_bil.
590 _aE5995AHE
_b05
_c20141205
_lUCH01
_h1053
590 _aE5995AHE
_b05
_c20141205
_lUCH01
_h1243
590 _aE5995AHE
_b05
_c20141205
_lUCH01
_h1244
650 1 4 _aBotánica
_xClasificación.
_914516
650 1 4 _aPlantas
_xNomenclatura.
_988871
700 0 _aRosas López, Ulises Yunuén.
_9100026
901 _aBK
942 _cLIBRO
942 _n0
999 _c107589
_d107589